Adiós a los conflictos (Registro nro. 5040)
[ vista simple ]
| 000 -Cabecera | |
|---|---|
| Campo de control de longitud fija | 00492aam a2200193 4500 |
| 005 - Fecha y hora de la última transacción | |
| Campo de control | 20231004133054.0 |
| 008 - Elementos de longitud fija--Información general | |
| Campo de control de longitud fija | 150427b2002 xxu||||| |||| 00| 0 spa d |
| 041 ## - Idioma | |
| Código de idioma | Español |
| 082 ## - Clasificación Decimal Dewey | |
| Número de clasificación | 303.6 D168a |
| 100 ## - Entrada principal--Autor personal | |
| Nombre personal | Dana, Daniel |
| 9 (RLIN) | 34779 |
| 245 ## - Título propiamente dicho | |
| Título | Adiós a los conflictos |
| 260 ## - Pie de imprenta | |
| Lugar de publicación, distribución, etc. | España |
| Nombre del editor, distribuidor, etc. | McGraw-Hill |
| Fecha de publicación, distribución, etc. | 2002 |
| 300 ## - Descripción física | |
| Extensión | 177 páginas |
| 650 ## - Materia general | |
| Temática (materia general) | CONFLICTOS |
| 650 ## - Materia general | |
| Temática (materia general) | MANEJO DE CONFLICTOS |
| 650 ## - Materia general | |
| Temática (materia general) | MEDIACIÓN |
| 650 ## - Materia general | |
| Temática (materia general) | EQUIPO DE TRABAJO |
| 942 ## - Punto de acceso adicional KOHA | |
| Tipo de ítem KOHA | Libro |
| Fuente del sistema de clasificación o colocación | Dewey Decimal Classification |
| Signatura completa | Código de barras | Tipo de ítem |
|---|---|---|
| 303.6 D168a | 116 | Libro |